Movies Set in Texas - Statistics

General Stats
  • This quiz has been taken 9,920 times
  • The average score is 9 of 15
Answer Stats
Summary Star Movie / TV Show % Correct
Astronauts have a problem. Houston mission controllers must fix it. Tom Hanks Apollo 13
91%
FBI agent goes undercover at a beauty pageant. Sandra Bullock Miss Congeniality
80%
Leatherface guy uses power tools to kill a bunch of people who picked up a hitchiker. Tobe Hooper (director) The Texas Chain Saw Massacre
78%
Rule #1 for zombie avoidance: cardio. Jesse Eisenberg Zombieland
66%
A rich oil baron and his family have schemes and intrigues aplenty. Larry Hagman Dallas
64%
High school football coach in Dillon, Texas deals with constant drama including the paralysis of his star quarterback. Kyle Chandler Friday Night Lights
61%
Law enforcement agent Chuck Norris punches a lot of people, but doesn't even get hit once ever. Chuck Norris Walker, Texas Ranger
60%
Two immature teenagers watch music videos and look weird in profile. Mike Judge (creator) Beavis & Butthead
58%
Propane salesman has redneck friends, a feminist wife, and a strange son. Mike Judge (creator) King of the Hill
58%
Some guys who work at an office have to work on Saturday, so they decide to steal money, which might land them in federal prison. Ron Livingston Office Space
56%
If you find a bunch of money, better return it before a guy with a weird air gun hunts you down. Coen Brothers (producers) No Country for Old Men
51%
Austin-area teenagers drink and smoke pot because it's the 1970s. Matthew McConaughey Dazed and Confused
49%
Golfer refuses to play it smart, takes 12 shots to hit it in, but steals womens' hearts. Kevin Costner Tin Cup
48%
If Jon Voight is your jerk football coach, overthrow him and win the game anyway. James Van Der Beek Varsity Blues
36%
A bunch of Gen X slackers living in Houston have problems which probably seemed like a big deal in the 1990s. Winona Ryder Reality Bites
21%
No matching quizzes found
Score Distribution
Percent of People with Each Score
Percentile by Number Answered
Your Score History
You have not taken this quiz